Golf Blitz Emotes - Statistics

General Stats
  • This quiz has been taken 3 times
  • The average score is 23 of 70
Answer Stats
Answer % Correct
Angry
100%
Cry
100%
Dab
100%
Laugh
100%
Surprise
100%
Thumbs Down
100%
Thumbs Up
100%
Easy
67%
Facepalm
67%
Frustrated
67%
Mad Cry
67%
Poop
67%
Surrender
67%
100
33%
1 Year
33%
2 Year
33%
3 Year
33%
4 Year
33%
5 Year
33%
Big Brain
33%
Bing Bong
33%
Checkmate
33%
Clap
33%
Cupid’s Arrow
33%
Disguised
33%
F For Respect
33%
Fist Bump
33%
Flex
33%
Gift
33%
Gift
33%
Gold Laugh
33%
Gold Thumb
33%
Good Soup
33%
Griddy
33%
Heartbreak
33%
Hi Five
33%
Idea
33%
Innocent
33%
Jaw Drop
33%
Jingle Bells
33%
Make It Rain
33%
Mind Blown
33%
Raise the Roof
33%
Raspberry
33%
Salty
33%
Trophies
33%
Wave
33%
What’s Up Brother
33%
Airhorn
0%
Bop Bop
0%
Burnt
0%
Deal With It
0%
Easter Bunny
0%
Electric
0%
Evil Laugh
0%
Gold Dab
0%
Headache
0%
Mic Drop
0%
Moonshot
0%
Party
0%
Pride Heart
0%
Pride Kiss
0%
Sad Trombone
0%
Salute
0%
Scream
0%
Shrug
0%
Snowglobe
0%
Snowman
0%
Sweating
0%
Upside Down
0%
No matching quizzes found
Score Distribution
Percent of People with Each Score
Percentile by Number Answered
Your Score History
You have not taken this quiz